Taylor Swift 28 - Statistics

General Stats
  • This quiz has been taken 16 times
    13 since last reset
  • The average score is 315 of 400
Answer Stats
Answer % Correct
a
100%
don't
100%
I
100%
it
100%
it's
100%
me
100%
no
100%
on
100%
say
100%
so
100%
the
100%
to
100%
what
100%
where
100%
who
100%
you
100%
you're
100%
and
89%
at
89%
be
89%
but
89%
for
89%
how
89%
I'm
89%
in
89%
know
89%
left
89%
my
89%
our
89%
right
89%
they
89%
time
89%
about
78%
been
78%
can't
78%
could
78%
did
78%
ever
78%
every
78%
friends
78%
front
78%
get
78%
girl
78%
hear
78%
her
78%
here
78%
if
78%
just
78%
new
78%
of
78%
one
78%
she
78%
she's
78%
some
78%
stay
78%
still
78%
there
78%
told
78%
up
78%
was
78%
when
78%
23
67%
'cause
67%
cause
67%
choice
67%
day
67%
everybody
67%
fly
67%
forever
67%
frozen
67%
got
67%
haunt
67%
have
67%
help
67%
inside
67%
light
67%
lives
67%
love
67%
married
67%
met
67%
oh
67%
out
67%
restaurant
67%
rumors
67%
that
67%
think
67%
want
67%
after
56%
born
56%
break
56%
buried
56%
change
56%
corner
56%
delusion
56%
drop
56%
feel
56%
hair
56%
long
56%
mascara
56%
mind
56%
moved
56%
other
56%
pin
56%
pinned-up
56%
run
56%
sad
56%
sight
56%
someone
56%
stop
56%
strangers
56%
supposed
56%
swear
56%
through
56%
trends
56%
went
56%
won't
56%
bear
44%
breakups
44%
burn
44%
business
44%
Christmas
44%
cloth
44%
collected
44%
cross-legged
44%
died
44%
dim
44%
dust
44%
else
44%
everything
44%
fantasy
44%
felt
44%
glass
44%
happen
44%
harm
44%
kids
44%
learned
44%
lessons
44%
lose
44%
matches
44%
moment
44%
sat
44%
shattered
44%
sitting
44%
skies
44%
somewhere
44%
stared
44%
sure
44%
unaware
44%
white
44%
wife
44%
witness
44%
wrong
44%
young
44%
earned
33%
expected
33%
find
33%
perspective
33%
stayed
33%
wages
33%
No matching quizzes found
Score Distribution
Percent of People with Each Score
Percentile by Number Answered
Your Score History
You have not taken this quiz since the last reset